Blue Animals - Statistics

General Stats
  • This quiz has been taken 11 times
  • The average score is 2 of 5
Answer Stats
Answer % Correct
Menelaus Blue Morpho
89%
Whale
67%
Blue Jay
33%
Macaw
22%
Tang
11%
No matching quizzes found
Score Distribution
Percent of People with Each Score
Percentile by Number Answered
Your Score History
You have not taken this quiz